000 00356nam a2200145Ia 4500
008 230711s9999||||xx |||||||||||||| ||und||
041 _aENG
082 _a624.9
_bKH-S
100 _aKhurmi,R.S
245 0 _aTheory of structures
250 _a10th Ed.
260 _c1990
_aNew Delhi
_bS.Chand & Company Ltd
650 _aMechanical Engineering
942 _cBK
999 _c2282
_d2282